| 000 | 00590nam a2200193 a 4500 | ||
|---|---|---|---|
| 001 | 000020979 | ||
| 005 | 20200930011214.0 | ||
| 008 | 100825s1998 dr ac 001 0 spa d | ||
| 040 |
_aDO-SdBNP _bspa _cBNPHU |
||
| 082 |
_axxxxx _bR426d |
||
| 110 | 1 |
_aRepública Domingo _943924 |
|
| 245 | 1 | 0 |
_a2 Años de logros y realizaciones / _cFélix Bautista. |
| 246 | 1 | 3 | _aDos años de logros y realizacines |
| 260 |
_aSanto Domingo : _bGobierno Institucional. |
||
| 300 |
_a45 p. : _bil., retrs. ; _c27 cm. |
||
| 500 | _aEjecutorias1996-1998 | ||
| 700 | 1 |
_aBautista, Félix _943925 |
|
| 049 | _aBNPD | ||
| 999 |
_c20482 _d20482 |
||